La Plus Grande Ville par Fuseau Horaire - Statistiques

Statistiques générales
  • Ce quiz a été pris 42 fois
  • Le résultat moyen est 13 sur 25
Statistiques - réponses
UTC Population La Ville % Correct
+1 12 M Paris
95%
-8 13 M Los Angeles
90%
+3 20 M Moscou
90%
-5 20 M New York
90%
+0 9 M Londres
87%
+9 37 M Tokyo
87%
+10 5 M Sydney
77%
-6 21 M Mexico
74%
+5,5 23 M Bombay
72%
+8 25 M Shanghai
72%
-3 21 M São Paulo
69%
+7 30 M Jakarta
67%
+6 20 M Dacca
51%
+3,5 15 M Téhéran
46%
+12 2 M Auckland
41%
+4 3 M Dubaï
36%
+4,5 5 M Kaboul
28%
+5 15 M Karachi
28%
-10 1 M Honolulu
21%
-4 9 M Caracas
15%
+5,75 1,5 M Katmandou
10%
+2 22 M Caire
8%
-7 4 M Phénix
5%
+6,5 5 M Yangon
5%
+9,5 1,5 M Adélaïde
3%
Aucun quiz correspondant
Distribution des résultats
% des personnes avec chaque résultat
Percentile par nombre de réponses
Votre historique - résultats
Vous n’avez pas pris ce quiz